000 00606nam a2200217Ia 4500
005 20260429111900.0
008 260429s9999||||xx |||||||||||||| ||und||
020 _a9788119684038
041 _aEnglish
082 _a660.6
_bSIN
100 _aSingh, Ashok Kumar
245 0 _aEnvironmental biotechnology /
_cAshok Kumar Singh
260 _aJaipur :
_bBook Enclave,
_c2025.
300 _aviii, 256 p.; hb
650 _a Applied microbiology
650 _a Bioremediation
650 _a Environmental science
650 _a Waste management
650 _aEnvironmental biotechnology
942 _cTB
999 _c51261
_d51261